[Event "Rottach Egern Seniors Cup 10th"]
[Site "Rottach Egern"]
[Date "2022.03.31"]
[Round "6"]
[White "Freundorfer, Josef"]
[Black "Baeuml, Ulrich"]
[Result "1/2-1/2"]
[WhiteElo "2115"]
[BlackElo "2088"]
[PlyCount "190"]
[EventDate "2022.03.26"]
[EventType "swiss"]
[EventRounds "9"]
[EventCountry "GER"]
[SourceTitle "CBM 207 Extra"]
[Source "ChessBase"]
[SourceDate "2022.05.31"]
[SourceVersion "1"]
[SourceVersionDate "2022.05.31"]
[SourceQuality "1"]

1. e4 e6 2. d4 d5 3. Nc3 Nf6 4. Bg5 dxe4 5. Nxe4 Nbd7 6. Nxf6+ Nxf6 7. Nf3 Be7 8. Bd3 c5 9. dxc5 Qa5+ 10. c3 Qxc5 11. Qe2 Bd7 12. Ne5 Bc6 13. Nxc6 bxc6 14. Be3 Qa5 15. 0-0 0-0 16. c4 Rfd8 17. Rfd1 Bc5 18. h3 Bxe3 19. Qxe3 c5 20. a3 Rab8 21. b4 cxb4 22. axb4 Qxb4 23. Qxa7 Qf8 24. Qe3 g6 25. Qf4 Qe7 26. Be2 Rxd1+ 27. Rxd1 Rc8 28. Rb1 Kg7 29. Rb5 Qc7 30. Qe3 Nd7 31. Qd4+ e5 32. Qa1 Qd6 33. Rd5 Qe6 34. Bg4 f5 35. Qa7 fxg4 36. Rxd7+ Kf6 37. Rxh7 Rxc4 38. hxg4 Rxg4 39. Qg7+ Kf5 40. Qf8+ Kg5 41. Qh6+ Kf6 42. Rh8 Qe7 43. Rg8 Qd7 44. Qh8+ Kg5 45. Qxe5+ Qf5 46. Qe7+ Qf6 47. Qxf6+ Kxf6 48. f3 Ra4 49. Rb8 Ra5 50. Rb4 Kg5 51. Kh2 Kh5 52. Kh3 Kh6 53. Kg3 Rg5+ 54. Rg4 Ra5 55. Kh3 Ra3 56. Rh4+ Kg5 57. Re4 Ra5 58. Rb4 Rc5 59. f4+ Kh6 60. Kg4 Ra5 61. Rb8 Rc5 62. g3 Rc3 63. Rb7 Rc1 64. Re7 Ra1 65. Re5 Ra4 66. Kh4 Rb4 67. Rg5 Ra4 68. Rg4 Ra1 69. Kh3 Ra2 70. Rh4+ Kg7 71. Kg4 Ra5 72. Rh1 Rb5 73. Ra1 Kh6 74. Re1 Kg7 75. Re5 Rb3 76. f5 gxf5+ 77. Rxf5 Rb6 78. Kg5 Rb7 79. g4 Ra7 80. Rb5 Rc7 81. Kh5 Ra7 82. Rb6 Rc7 83. g5 Ra7 84. Rg6+ Kh7 85. Rh6+ Kg7 86. Kg4 Ra4+ 87. Kh5 Ra5 88. Rg6+ Kh7 89. Rb6 Ra7 90. g6+ Kg7 91. Rb5 Rc7 92. Rd5 Rb7 93. Rd6 Rb5+ 94. Kg4 Ra5 95. Kf4 Rb5 1/2-1/2

[Event "Rottach Egern Seniors Cup 10th"]
[Site "Rottach Egern"]
[Date "2022.03.30"]
[Round "5"]
[White "Freundorfer, Josef"]
[Black "Schmidt, Matthias1111"]
[Result "1-0"]
[WhiteElo "2115"]
[BlackElo "1902"]
[PlyCount "69"]
[EventDate "2022.03.26"]
[EventType "swiss"]
[EventRounds "9"]
[EventCountry "GER"]
[SourceTitle "CBM 207 Extra"]
[Source "ChessBase"]
[SourceDate "2022.05.31"]
[SourceVersion "1"]
[SourceVersionDate "2022.05.31"]
[SourceQuality "1"]

1. e4 c5 2. Nf3 d6 3. d4 cxd4 4. Nxd4 Nf6 5. Nc3 g6 6. Be2 Bg7 7. Be3 Nc6 8. 0-0 0-0 9. Nb3 Be6 10. f4 Rc8 11. Bf3 a6 12. Qe1 b5 13. Qf2 Nd7 14. Rfd1 Qc7 15. Rab1 Na5 16. Nd4 b4 17. Nd5 Bxd5 18. exd5 Nf6 19. b3 Rb8 20. Rd2 Rbc8 21. g4 Qd7 22. Qg2 Rc3 23. Bf2 Qc8 24. Re1 Re8 25. Rde2 Kf8 26. h3 h5 27. f5 hxg4 28. hxg4 Nd7 29. fxg6 fxg6 30. Ne6+ Kf7 31. Be4 Be5 32. Bxg6+ Kxg6 33. Qe4+ Kh6 34. Qh1+ Kg6 35. Qh5+ 1-0

[Event "Rottach Egern Seniors Cup 10th"]
[Site "Rottach Egern"]
[Date "2022.03.28"]
[Round "3"]
[White "Pfitzer, Norbert"]
[Black "Freundorfer, Josef"]
[Result "0-1"]
[WhiteElo "2026"]
[BlackElo "2115"]
[PlyCount "92"]
[EventDate "2022.03.26"]
[EventType "swiss"]
[EventRounds "9"]
[EventCountry "GER"]
[SourceTitle "CBM 207 Extra"]
[Source "ChessBase"]
[SourceDate "2022.05.31"]
[SourceVersion "1"]
[SourceVersionDate "2022.05.31"]
[SourceQuality "1"]

1. Nf3 Nf6 2. d4 d6 3. g3 g6 4. Bg2 Bg7 5. 0-0 0-0 6. c4 Nbd7 7. Nc3 e5 8. h3 Re8 9. Be3 c6 10. Qc2 Qe7 11. Rac1 h6 12. dxe5 dxe5 13. Rfd1 Bf8 14. Nd2 Nc5 15. g4 Qe6 16. b4 Ncd7 17. b5 Nc5 18. bxc6 bxc6 19. Nb5 Na6 20. Nxa7 Bd7 21. Nb3 Rab8 22. Rxd7 Nxd7 23. Nxc6 Rbc8 24. Bd5 Qf6 25. Na7 Rc7 26. Nb5 Rcc8 27. Qd2 Rcd8 28. Bxh6 Bxh6 29. Qxh6 Nb4 30. Nc7 Rf8 31. Qd2 Qb6 32. e4 Nf6 33. Qg5 Kg7 34. Qxe5 Nd3 35. c5 Qb8 36. Qc3 Nxc1 37. Nxc1 Qxc7 38. g5 Rd6 39. Ne2 Ra6 40. c6 Qd6 41. c7 Rc8 42. gxf6+ Kh7 43. Bxf7 Rxc7 44. Qb2 Rb6 45. Qd4 Qxf6 46. Be8 Re7 0-1

[Event "Rottach Egern Seniors Cup 10th"]
[Site "Rottach Egern"]
[Date "2022.03.27"]
[Round "2"]
[White "Freundorfer, Josef"]
[Black "Gutt, Oswald"]
[Result "1/2-1/2"]
[WhiteElo "2115"]
[BlackElo "1921"]
[PlyCount "66"]
[EventDate "2022.03.26"]
[EventType "swiss"]
[EventRounds "9"]
[EventCountry "GER"]
[SourceTitle "CBM 207 Extra"]
[Source "ChessBase"]
[SourceDate "2022.05.31"]
[SourceVersion "1"]
[SourceVersionDate "2022.05.31"]
[SourceQuality "1"]

1. e4 c5 2. Nf3 e6 3. d4 cxd4 4. Nxd4 Nc6 5. Nb5 d6 6. c4 Nf6 7. N5c3 Be7 8. Be2 0-0 9. 0-0 e5 10. Na3 Be6 11. Nc2 Rc8 12. b3 Qa5 13. Bd2 Qc7 14. Be3 Qb8 15. h3 Rfd8 16. Qd2 b6 17. Bf3 a6 18. Qe2 Rd7 19. Rac1 Rb7 20. a4 Na5 21. Nd5 Bxd5 22. exd5 Nxb3 23. Rb1 Nc5 24. Ra1 a5 25. Rfd1 Qc7 26. Bd2 Qd7 27. g4 h6 28. Kh2 Nxa4 29. g5 hxg5 30. Rg1 e4 31. Bh1 Nxd5 32. Qxe4 Rbc7 33. Qxd5 Rxc4 1/2-1/2

[Event "Rottach Egern Seniors Cup 9th"]
[Site "Rottach Egern"]
[Date "2021.10.23"]
[Round "2"]
[White "Schaefer, Martin1111"]
[Black "Freundorfer, Josef"]
[Result "0-1"]
[WhiteElo "1926"]
[BlackElo "2125"]
[PlyCount "94"]
[EventDate "2021.10.22"]
[EventType "swiss"]
[EventRounds "7"]
[EventCountry "GER"]
[SourceTitle "CBM 204 Extra"]
[Source "ChessBase"]
[SourceDate "2021.11.30"]
[SourceVersion "1"]
[SourceVersionDate "2021.11.30"]
[SourceQuality "1"]

1. d4 Nf6 2. c4 g6 3. Nc3 Bg7 4. e4 d6 5. Be2 Nbd7 6. Be3 e5 7. d5 a5 8. g4 Nc5 9. f3 Nfd7 10. h4 h6 11. Qd2 Bf6 12. 0-0-0 h5 13. g5 Bg7 14. Nh3 0-0 15. Nf2 Qe7 16. Nb5 Na6 17. Kb1 b6 18. Nd3 Bb7 19. Ka1 Rfc8 20. Rhf1 Nac5 21. Rf2 Nxd3 22. Bxd3 Nc5 23. Bxc5 bxc5 24. Bc2 Kh7 25. a3 Rf8 26. Rdf1 Ba6 27. Ba4 Bxb5 28. Bxb5 f6 29. Bc6 Ra6 30. f4 exf4 31. Rxf4 Rb6 32. Bb5 Rbb8 33. Qf2 fxg5 34. hxg5 Rxf4 35. Qxf4 Rf8 36. Qc1 Rxf1 37. Qxf1 Qxg5 38. Qe2 Qe7 39. Qg2 g5 40. Qh3 Kh6 41. Bd7 g4 42. Bxg4 Qg5 43. Qxh5+ Qxh5 44. Bxh5 Kxh5 45. Ka2 Kg5 46. Kb3 Kf4 47. Ka4 Bxb2 0-1

[Event "Rottach Egern Seniors Cup 9th"]
[Site "Rottach Egern"]
[Date "2021.10.22"]
[Round "1"]
[White "Freundorfer, Josef"]
[Black "Strohbusch, Frank"]
[Result "1-0"]
[WhiteElo "2125"]
[BlackElo "1781"]
[PlyCount "63"]
[EventDate "2021.10.22"]
[EventType "swiss"]
[EventRounds "7"]
[EventCountry "GER"]
[SourceTitle "CBM 204 Extra"]
[Source "ChessBase"]
[SourceDate "2021.11.30"]
[SourceVersion "1"]
[SourceVersionDate "2021.11.30"]
[SourceQuality "1"]

1. e4 e6 2. d4 d5 3. Nc3 Bb4 4. e5 c5 5. Qg4 Ne7 6. dxc5 Bxc3+ 7. bxc3 Ng6 8. h4 Qc7 9. f4 Qxc5 10. Bd2 0-0 11. Nf3 f5 12. Qg3 Kh8 13. Bd3 Nc6 14. Rb1 a6 15. Qg5 Nd8 16. Qh5 Nf7 17. Ng5 Nh6 18. Ke2 d4 19. c4 Qc6 20. Kf1 Rb8 21. Rh3 b6 22. Rg3 Qe8 23. Nf3 Qd8 24. Qg5 Ng4 25. Qh5 Bb7 26. Rxg4 fxg4 27. Bxg6 h6 28. Qxg4 Bxf3 29. gxf3 Qc8 30. Bd3 Re8 31. Ke2 Qb7 32. Qg6 1-0

[Event "Bezirksliga Oberbayern 1819"]
[Site "Bayern"]
[Date "2018.11.25"]
[Round "3.4"]
[White "Walter, Stefan"]
[Black "Freundorfer, Josef"]
[Result "0-1"]
[WhiteElo "1969"]
[BlackElo "2059"]
[PlyCount "54"]
[EventDate "2018.10.21"]
[EventType "team-tourn"]
[EventRounds "9"]
[EventCountry "GER"]
[SourceTitle "EXT 2022"]
[Source "ChessBase"]
[SourceDate "2021.10.06"]
[SourceVersion "1"]
[SourceVersionDate "2021.10.06"]
[SourceQuality "1"]
[WhiteTeam "Neuburg"]
[BlackTeam "Ingolstadt MTV"]
[WhiteTeamCountry "GER"]
[BlackTeamCountry "GER"]

1. e4 e5 2. Nf3 Nc6 3. Bc4 Bc5 4. c3 Bb6 5. d3 d6 6. Nbd2 Nf6 7. h3 Ne7 8. Qb3 0-0 9. Ng5 Qe8 10. g4 c6 11. Ndf3 d5 12. exd5 cxd5 13. Bb5 Nc6 14. Nh4 e4 15. dxe4 Nxe4 16. 0-0 Nxf2 17. Kg2 h6 18. Ngf3 Nxh3 19. Kxh3 Qe4 20. Nh2 f5 21. Nxf5 Rxf5 22. gxf5 Bxf5+ 23. Kg3 Bc7+ 24. Bf4 Qe3+ 25. Rf3 Bxf4+ 26. Kg2 Be4 27. Raf1 Bxh2 0-1

[Event "Bayern-chI Bank Hofmann 22nd"]
[Site "Tegernsee"]
[Date "2018.10.30"]
[Round "4"]
[White "Freundorfer, Josef"]
[Black "Hess, Max"]
[Result "0-1"]
[WhiteElo "2114"]
[BlackElo "2326"]
[PlyCount "124"]
[EventDate "2018.10.27"]
[EventType "swiss"]
[EventRounds "9"]
[EventCountry "GER"]
[SourceTitle "CBM 187 Extra"]
[Source "ChessBase"]
[SourceDate "2018.11.04"]
[SourceVersion "1"]
[SourceVersionDate "2018.11.04"]
[SourceQuality "1"]

1. e4 c5 2. Nf3 e6 3. c3 Nf6 4. e5 Nd5 5. c4 Ne7 6. b3 Nbc6 7. Bb2 Ng6 8. Be2 d6 9. exd6 e5 10. Nc3 Bxd6 11. d3 0-0 12. Nd2 Nf4 13. g3 Nxe2 14. Qxe2 Bh3 15. 0-0-0 Nd4 16. Qe3 Bg2 17. Rhe1 Bc6 18. Nce4 Be7 19. f4 exf4 20. gxf4 Re8 21. Qh3 f5 22. Ng3 g6 23. Qf1 a5 24. Ne2 a4 25. Nxd4 cxd4 26. Kc2 Bb4 27. Rxe8+ Bxe8 28. Nf3 Bc5 29. Qg1 b5 30. Ne5 bxc4 31. Nxc4 Bf7 32. Qf1 Qb8 33. Rb1 Ra7 34. b4 Bd6 35. Bxd4 Rc7 36. Be3 Qc8 37. Kc3 Bf8 38. Bd4 a3 39. Be5 Rb7 40. Rb3 Qc6 41. Bd4 Qa4 42. Qb1 Rc7 43. Be5 Rc8 44. Qg1 Qc6 45. Qf1 Qb5 46. Qe2 Be7 47. Qf1 g5 48. Rb1 g4 49. Bd4 Rb8 50. Rb3 Bxb4+ 51. Kc2 Qa4 52. h3 Rd8 53. Qf2 Be7 54. Kc3 Qc6 55. Rb6 Qd5 56. Qe3 Bf8 57. hxg4 fxg4 58. f5 Qxf5 59. Rf6 Qh5 60. Qf2 Bg7 61. Nd6 Rxd6 62. Rxd6 Qc5+ 0-1

[Event "Bezirksliga Oberbayern 1819"]
[Site "Bayern"]
[Date "2018.10.21"]
[Round "1.5"]
[White "Freundorfer, Josef"]
[Black "Wurster, Axel"]
[Result "1-0"]
[WhiteElo "2059"]
[BlackElo "1941"]
[PlyCount "129"]
[EventDate "2018.10.21"]
[EventType "team-tourn"]
[EventRounds "9"]
[EventCountry "GER"]
[SourceTitle "EXT 2022"]
[Source "ChessBase"]
[SourceDate "2021.10.06"]
[SourceVersion "1"]
[SourceVersionDate "2021.10.06"]
[SourceQuality "1"]
[WhiteTeam "Ingolstadt MTV"]
[BlackTeam "Gauting"]
[WhiteTeamCountry "GER"]
[BlackTeamCountry "GER"]

1. e4 e6 2. d4 d5 3. Nc3 Nf6 4. Bg5 Bb4 5. e5 h6 6. Be3 Ne4 7. Qg4 g6 8. a3 Bxc3+ 9. bxc3 c5 10. Bd3 Qa5 11. Ne2 cxd4 12. Bxd4 Nc6 13. 0-0 Nc5 14. Bxc5 Qxc5 15. Qf4 Qe7 16. Qe3 Qc7 17. f4 Bd7 18. a4 Na5 19. Rfb1 Kf8 20. Rb4 Kg7 21. Kh1 Rhc8 22. Rab1 Qc5 23. Qg3 Qe7 24. h4 h5 25. f5 exf5 26. Nf4 Nc6 27. Rxb7 Nxe5 28. Bxf5 Rab8 29. Rxb8 Rxb8 30. Rxb8 Bxf5 31. Nxd5 Qd6 32. Re8 Be6 33. Ne3 Qc5 34. Rd8 Nd7 35. Kh2 Qa5 36. Qg5 Qc7+ 37. Kg1 Qxc3 38. Qf4 Qc5 39. Kh1 Qc3 40. Kh2 Qc5 41. Kg1 Qc3 42. Qe4 Ne5 43. Rd1 Qc7 44. Qd4 f6 45. Rf1 a6 46. Kh1 Qe7 47. Re1 Qb7 48. Rf1 Qc6 49. Rb1 Nd7 50. a5 Qc7 51. Nd5 Qxa5 52. Rb7 Qe1+ 53. Kh2 Kh6 54. Qf4+ g5 55. hxg5+ fxg5 56. Qg3 Qxg3+ 57. Kxg3 h4+ 58. Kf2 Bxd5 59. Rxd7 Bc4 60. Ke3 Kh5 61. Rc7 Bd5 62. Kf2 Be4 63. c4 a5 64. Ra7 Bd3 65. c5 1-0

[Event "Berlin Lichtenberger op 17th"]
[Site "Berlin"]
[Date "2018.08.20"]
[Round "3"]
[White "Freundorfer, Josef"]
[Black "Berger, Steve"]
[Result "0-1"]
[WhiteElo "2147"]
[BlackElo "2428"]
[PlyCount "104"]
[EventDate "2018.08.18"]
[EventType "swiss"]
[EventRounds "9"]
[EventCountry "GER"]
[SourceTitle "CBM 186 Extra"]
[Source "ChessBase"]
[SourceDate "2018.08.24"]
[SourceVersion "1"]
[SourceVersionDate "2018.08.24"]
[SourceQuality "1"]

1. e4 e6 2. d4 d5 3. Nc3 Nf6 4. Bg5 dxe4 5. Nxe4 Nbd7 6. c3 Be7 7. Bxf6 Nxf6 8. Bd3 Nxe4 9. Bxe4 c5 10. Nf3 cxd4 11. Nxd4 Qb6 12. Qe2 0-0 13. 0-0 Bf6 14. Rfd1 Rd8 15. Rd2 e5 16. Nf3 Rxd2 17. Qxd2 Be6 18. Qc2 g6 19. b3 Qc7 20. c4 Rc8 21. Qe2 Rd8 22. Rd1 Rxd1+ 23. Qxd1 a5 24. h3 Kg7 25. Qd2 h6 26. g4 b6 27. Qe2 Qc5 28. Kg2 a4 29. Kg3 Qb4 30. Bc2 Qc3 31. h4 a3 32. Qe4 Bd7 33. g5 hxg5 34. hxg5 Bxg5 35. Qxe5+ Bf6 36. Qxc3 Bxc3 37. Kf4 f5 38. Ke3 Kf6 39. Kd3 Bb4 40. Nd4 Ke5 41. f3 Bc5 42. Ne2 g5 43. Kc3 Bc6 44. b4 Bf2 45. Nc1 Bd4+ 46. Kb3 Bxf3 47. Nd3+ Kf6 48. Kxa3 g4 49. Ne1 Bc6 50. Kb3 f4 51. Bd3 Bf2 52. Be2 f3 0-1

[Event "Oberbayern Bezirksliga 1718"]
[Site "Germany"]
[Date "2018.04.15"]
[Round "9.4"]
[White "Freundorfer, Josef"]
[Black "Seitner, Ralf"]
[Result "1-0"]
[WhiteElo "2076"]
[BlackElo "2045"]
[PlyCount "120"]
[EventDate "2017.10.22"]
[EventType "team-tourn"]
[EventRounds "9"]
[EventCountry "GER"]
[SourceTitle "EXT 2019"]
[Source "ChessBase"]
[SourceDate "2018.10.10"]
[SourceVersion "1"]
[SourceVersionDate "2018.10.10"]
[SourceQuality "1"]
[WhiteTeam "Ingolstadt"]
[BlackTeam "Neuburg"]
[WhiteTeamCountry "GER"]
[BlackTeamCountry "GER"]

1. d4 Nf6 2. Nc3 c5 3. dxc5 Na6 4. e4 Qc7 5. Be3 Nxc5 6. Qd4 e5 7. Nb5 exd4 8. Nxc7+ Kd8 9. Bf4 Ne6 10. Nxe6+ fxe6 11. Bd3 Bb4+ 12. Ke2 Bc5 13. a3 Rf8 14. Nh3 h6 15. b4 Bb6 16. Bd6 Rf7 17. f3 Ne8 18. Bg3 Nf6 19. Nf2 Bc7 20. Bxc7+ Kxc7 21. c4 e5 22. c5 d6 23. Bc4 Re7 24. Rhc1 Bd7 25. Nd3 dxc5 26. Bb3 Bb5 27. Rxc5+ Kb6 28. a4 Bxd3+ 29. Kxd3 a6 30. Rac1 Nh5 31. g3 Rf8 32. Ke2 Rd8 33. a5+ Ka7 34. Kd3 Rf8 35. f4 Nxf4+ 36. gxf4 Rxf4 37. Bd5 Rf3+ 38. Ke2 Rh3 39. Rc7 Rxh2+ 40. Kf3 Rxc7 41. Rxc7 Kb8 42. Rxb7+ Kc8 43. Rxg7 d3 44. Ke3 d2 45. Rg1 h5 46. Rd1 h4 47. Be6+ Kc7 48. Rxd2 Rh1 49. Rb2 Kc6 50. Kf3 Kb5 51. Kg4 h3 52. Bd5 h2 53. Kg3 Ka4 54. Kg2 Rc1 55. Kxh2 Ka3 56. Rb3+ Ka4 57. Kg3 Rc4 58. Ra3+ Kxa3 59. Bxc4 Kxb4 60. Bxa6 Kxa5 1-0

[Event "Oberbayern Bezirksliga 1718"]
[Site "Germany"]
[Date "2018.03.18"]
[Round "8.3"]
[White "Freundorfer, Josef"]
[Black "Litzka, Matthias"]
[Result "1/2-1/2"]
[WhiteElo "2076"]
[BlackElo "2052"]
[PlyCount "108"]
[EventDate "2017.10.22"]
[EventType "team-tourn"]
[EventRounds "9"]
[EventCountry "GER"]
[SourceTitle "EXT 2019"]
[Source "ChessBase"]
[SourceDate "2018.10.10"]
[SourceVersion "1"]
[SourceVersionDate "2018.10.10"]
[SourceQuality "1"]
[WhiteTeam "Ingolstadt"]
[BlackTeam "Starnberg"]
[WhiteTeamCountry "GER"]
[BlackTeamCountry "GER"]

1. d4 c5 2. dxc5 e6 3. Nc3 Nf6 4. e4 Nc6 5. Nf3 Bxc5 6. Bd3 d6 7. 0-0 a6 8. h3 b5 9. a3 0-0 10. Bg5 Bb7 11. Qd2 Qe7 12. Kh1 Rfd8 13. Rae1 Nd4 14. Nh2 h6 15. Bxf6 Qxf6 16. f4 Qh4 17. Ne2 Nxe2 18. Qxe2 b4 19. axb4 Bxb4 20. c3 Bc5 21. b4 Bb6 22. f5 e5 23. Nf3 Qf6 24. c4 a5 25. bxa5 Bxa5 26. Rb1 Bc6 27. Qe3 Rdc8 28. Be2 Qd8 29. Rfd1 Qe7 30. Rd3 Rcb8 31. Rdb3 Rxb3 32. Rxb3 Bc7 33. Kh2 Rb8 34. Rxb8+ Bxb8 35. f6 Ba7 36. Qxh6 Qxf6 37. Qxf6 gxf6 38. Bd3 Bc5 39. Nh4 Bd7 40. Kg3 Bb4 41. Nf3 Bc5 42. Ne1 Kg7 43. Be2 f5 44. exf5 Bxf5 45. Kf3 Bg6 46. g4 f5 47. Ng2 Kf6 48. Nh4 Kg5 49. Nxf5 Bxf5 50. gxf5 Kxf5 51. Bd3+ Kg5 52. Be4 Kh4 53. Bf5 Ba3 54. Ke4 Bc5 1/2-1/2

[Event "Oberbayern Bezirksliga 1718"]
[Site "Germany"]
[Date "2017.10.22"]
[Round "1.4"]
[White "Waldner, Alois"]
[Black "Freundorfer, Josef"]
[Result "1-0"]
[WhiteElo "1956"]
[BlackElo "2076"]
[PlyCount "71"]
[EventDate "2017.10.22"]
[EventType "team-tourn"]
[EventRounds "9"]
[EventCountry "GER"]
[SourceTitle "EXT 2019"]
[Source "ChessBase"]
[SourceDate "2018.10.10"]
[SourceVersion "1"]
[SourceVersionDate "2018.10.10"]
[SourceQuality "1"]
[WhiteTeam "Waldkraiburg"]
[BlackTeam "Ingolstadt"]
[WhiteTeamCountry "GER"]
[BlackTeamCountry "GER"]

1. d4 Nf6 2. c4 g6 3. Nc3 Bg7 4. e4 d6 5. Be2 Nbd7 6. Be3 e5 7. d5 b6 8. b4 a5 9. a3 h6 10. h4 h5 11. f3 Ng8 12. Bd3 Nh6 13. Nge2 Qe7 14. Nb5 Nb8 15. c5 bxc5 16. bxc5 dxc5 17. Bc4 0-0 18. Bg5 Qd7 19. Qd2 Kh7 20. Nbc3 Ba6 21. Qd3 Re8 22. Rb1 Bxc4 23. Qxc4 Na6 24. Rb5 f5 25. Rxa5 Qd6 26. 0-0 f4 27. Rb1 Nf7 28. Rb7 Kh8 29. Nb5 Qd7 30. Nec3 Rec8 31. Na7 Nb8 32. Nxc8 Qxc8 33. Rxa8 Qxb7 34. Qa4 Kh7 35. Qa7 Qb2 36. Qxb8 1-0

[Event "Oberbayern Bezirksliga 1617"]
[Site "Germany"]
[Date "2017.03.19"]
[Round "7.4"]
[White "Azemovic, Almir"]
[Black "Freundorfer, Josef"]
[Result "1/2-1/2"]
[WhiteElo "1955"]
[BlackElo "2077"]
[PlyCount "92"]
[EventDate "2016.10.16"]
[EventType "team-tourn"]
[EventRounds "9"]
[EventCountry "GER"]
[SourceTitle "EXT 2019"]
[Source "ChessBase"]
[SourceDate "2018.10.10"]
[SourceVersion "1"]
[SourceVersionDate "2018.10.10"]
[SourceQuality "1"]
[WhiteTeam "Moosburg SC"]
[BlackTeam "Ingolstadt"]
[WhiteTeamCountry "GER"]
[BlackTeamCountry "GER"]

1. e4 e5 2. Nf3 Nc6 3. Bc4 Bc5 4. 0-0 d6 5. c3 Qe7 6. b4 Bb6 7. a4 a6 8. d3 Nf6 9. Be3 Ba7 10. Bxa7 Rxa7 11. Nbd2 Ra8 12. Re1 g6 13. Nf1 Nd8 14. Ne3 c6 15. Qc2 Nh5 16. d4 0-0 17. Rad1 Qf6 18. Bf1 Re8 19. Qd2 Nf4 20. dxe5 dxe5 21. Qd6 Nh3+ 22. gxh3 Qxf3 23. Nc4 Ne6 24. Re3 Qf6 25. Qxe5 Qxe5 26. Nxe5 Nf4 27. Nd7 Bxd7 28. Rxd7 b5 29. Re1 Rad8 30. Rc7 Re6 31. Ra7 Rd2 32. Rxa6 bxa4 33. Rxa4 Nd3 34. Bxd3 Rxd3 35. c4 Rd2 36. e5 g5 37. h4 h6 38. hxg5 hxg5 39. h4 gxh4 40. b5 cxb5 41. cxb5 Rg6+ 42. Kf1 h3 43. Rh4 Rg2 44. Rf4 Rg5 45. Rh4 Rg2 46. Rf4 Rg5 1/2-1/2

[Event "Oberbayern Bezirksliga 1617"]
[Site "Germany"]
[Date "2017.02.19"]
[Round "6.5"]
[White "Emmert, Peter"]
[Black "Freundorfer, Josef"]
[Result "1/2-1/2"]
[WhiteElo "1883"]
[BlackElo "2077"]
[PlyCount "89"]
[EventDate "2016.10.16"]
[EventType "team-tourn"]
[EventRounds "9"]
[EventCountry "GER"]
[SourceTitle "EXT 2019"]
[Source "ChessBase"]
[SourceDate "2018.10.10"]
[SourceVersion "1"]
[SourceVersionDate "2018.10.10"]
[SourceQuality "1"]
[WhiteTeam "Traunstein/Traunreut"]
[BlackTeam "Ingolstadt"]
[WhiteTeamCountry "GER"]
[BlackTeamCountry "GER"]

1. c4 Nf6 2. Nf3 g6 3. Nc3 Bg7 4. d4 d6 5. Bg5 h6 6. Bh4 0-0 7. e3 c5 8. Be2 b6 9. 0-0 Bf5 10. Nd2 Nc6 11. g4 Bd7 12. d5 Na5 13. f4 a6 14. e4 Qc7 15. Bg3 Nh7 16. h3 Rab8 17. a4 Rbd8 18. Kh2 Bc8 19. Nf3 e5 20. f5 Bf6 21. Bh4 Qe7 22. Bxf6 Qxf6 23. Ra3 Qe7 24. Qd2 Kg7 25. Nd1 Rh8 26. Rg1 g5 27. Nf2 Rdg8 28. b4 Nb7 29. a5 cxb4 30. Qxb4 bxa5 31. Qb6 Nf6 32. Bd3 Nc5 33. Bc2 h5 34. Qxa5 hxg4 35. Nxg4 Nfxe4 36. Nxg5 Bxf5 37. Ne3 Bxh3 38. Nxh3+ Kf8 39. Rxg8+ Kxg8 40. Bxe4 Nxe4 41. Qe1 Qb7 42. Qg1+ Kf8 43. Ra2 Rg8 44. Rg2 Rh8 45. Ra2 1/2-1/2

[Event "Oberbayern Bezirksliga 1617"]
[Site "Germany"]
[Date "2017.02.05"]
[Round "5.5"]
[White "Freundorfer, Josef"]
[Black "Szalewa, Sven"]
[Result "1-0"]
[WhiteElo "2077"]
[BlackElo "2062"]
[PlyCount "79"]
[EventDate "2016.10.16"]
[EventType "team-tourn"]
[EventRounds "9"]
[EventCountry "GER"]
[SourceTitle "EXT 2019"]
[Source "ChessBase"]
[SourceDate "2018.10.10"]
[SourceVersion "1"]
[SourceVersionDate "2018.10.10"]
[SourceQuality "1"]
[WhiteTeam "Ingolstadt"]
[BlackTeam "Starnberg"]
[WhiteTeamCountry "GER"]
[BlackTeamCountry "GER"]

1. e4 c6 2. d4 d5 3. Nc3 dxe4 4. Nxe4 Bf5 5. Ng3 Bg6 6. N1e2 e6 7. Nf4 Bd6 8. c3 Qc7 9. Qf3 Nd7 10. Bc4 Nb6 11. Bb3 Nd5 12. Bxd5 exd5 13. 0-0 Nf6 14. Re1+ Be4 15. Nxe4 Nxe4 16. c4 Bxf4 17. Bxf4 Qd7 18. Qa3 Qf5 19. Be3 Kd7 20. cxd5 Qxd5 21. Bf4 Rhe8 22. Qh3+ f5 23. Qxh7 Qf7 24. Be5 Re7 25. Qh3 Re6 26. Qb3 b6 27. Rac1 Rc8 28. f4 Ke8 29. Red1 Re7 30. Qh3 Rd7 31. d5 c5 32. Qh8+ Qf8 33. Qh5+ Qf7 34. Qh8+ Qf8 35. Qxf8+ Kxf8 36. Rd3 Rcd8 37. Rcd1 Kf7 38. g3 Re8 39. Kg2 g6 40. Kf3 1-0

[Event "Bayern-chI Bank Hofmann 20th"]
[Site "Bad Wiessee"]
[Date "2016.11.03"]
[Round "6"]
[White "Stuhler, Josef"]
[Black "Freundorfer, Josef"]
[Result "1/2-1/2"]
[WhiteElo "1888"]
[BlackElo "2165"]
[PlyCount "53"]
[EventDate "2016.10.29"]
[EventType "swiss"]
[EventRounds "9"]
[EventCountry "GER"]
[SourceTitle "CBM 175 Extra"]
[Source "ChessBase"]
[SourceDate "2016.12.12"]
[SourceVersion "1"]
[SourceVersionDate "2016.12.12"]
[SourceQuality "1"]

1. e4 e5 2. Bc4 Bc5 3. Nc3 Nc6 4. d3 d6 5. f4 Nf6 6. Nf3 a6 7. f5 h6 8. Nd5 Nd4 9. Nxd4 Bxd4 10. c3 Ba7 11. Qe2 c6 12. Nxf6+ Qxf6 13. Be3 Bxe3 14. Qxe3 0-0 15. 0-0 Rd8 16. Bb3 c5 17. Rf2 b5 18. Bd5 Ra7 19. a4 Bd7 20. axb5 Bxb5 21. Ra5 Qg5 22. Qxg5 hxg5 23. b3 Rb8 24. Rb2 Rb6 25. Kf2 Kf8 26. Ke3 Ke7 27. Rb1 1/2-1/2

[Event "Bayern-chI Bank Hofmann 16th"]
[Site "Bad Wiessee"]
[Date "2012.10.30"]
[Round "4"]
[White "Freundorfer, Josef"]
[Black "Braun, Christian1111"]
[Result "0-1"]
[WhiteElo "2189"]
[BlackElo "2401"]
[PlyCount "48"]
[EventDate "2012.10.27"]
[EventType "swiss"]
[EventRounds "9"]
[EventCountry "GER"]
[SourceTitle "EXT 2013"]
[Source "ChessBase"]
[SourceDate "2012.11.22"]
[SourceVersion "1"]
[SourceVersionDate "2012.11.22"]
[SourceQuality "1"]

1. e4 e6 2. d4 d5 3. Nc3 Bb4 4. e5 b6 5. Qg4 Bf8 6. f4 Nh6 7. Qh3 Nf5 8. Nf3 c5 9. Nb5 Nc6 10. g4 Nfxd4 11. Nbxd4 Nxd4 12. Nxd4 cxd4 13. Bd3 Bb4+ 14. Ke2 a5 15. f5 Ba6 16. Bxa6 Rxa6 17. Qd3 Ra8 18. h4 Rc8 19. Bf4 Be7 20. Rac1 f6 21. Qg3 fxe5 22. Bxe5 exf5 23. gxf5 Bf6 24. Kd3 Qd7 0-1

[Event "Merano Gold Cup 36th"]
[Site "Merano"]
[Date "2008.04.05"]
[Round "2"]
[White "Freundorfer, Josef"]
[Black "Meyer, Thorsten"]
[Result "1/2-1/2"]
[WhiteElo "2168"]
[BlackElo "2031"]
[PlyCount "45"]
[EventDate "2008.04.04"]
[EventType "swiss"]
[EventRounds "9"]
[EventCountry "ITA"]
[SourceTitle "EXT 2015"]
[Source "ChessBase"]
[SourceDate "2014.11.20"]
[SourceVersion "1"]
[SourceVersionDate "2014.11.20"]
[SourceQuality "1"]

1. e4 d6 2. d4 g6 3. Nc3 Bg7 4. Be3 Nf6 5. h3 0-0 6. Nf3 c6 7. Be2 Qc7 8. a4 Nbd7 9. 0-0 e5 10. Qd2 Re8 11. dxe5 dxe5 12. Rfd1 Nh5 13. Ng5 Nhf6 14. Bc4 Rf8 15. Bb3 h6 16. Nf3 Kh7 17. Nh4 Nh5 18. Qd6 Qxd6 19. Rxd6 Bf6 20. Nf3 Be7 21. Rd2 Kg7 22. Rad1 Nhf6 23. g4 1/2-1/2